000 00376nam a2200169Ia 4500
003 IT-RoPAU
008 120407s9999 xx 000 0 und d
040 _aIT-RoPAU
040 _cIT-RoPAU
100 _aAlfredo Ruiz
245 _aSicologia de la pareja y de la familia
250 _aMadrid
260 _aEdiciones Paulinas
300 _c cm
490 _v1
942 _cBK
999 _c3096
_d3096